| 000 | 01134nam0a22003131 4500 | ||
|---|---|---|---|
| 001 | rc\4244434 | ||
| 005 | 20250612025410.0 | ||
| 021 |
_aRU _b[67-90135] |
||
| 035 | _a(NLR Aleph) 008472413 | ||
| 090 |
_a7938104 _c7938104 |
||
| 100 | _a20130416d1967 |||y0rusy50 ca | ||
| 101 | 0 | _arus | |
| 102 | _aRU | ||
| 105 | _aa z ||||| | ||
| 200 | 1 | _aСпиновые волны | |
| 210 |
_aМосква _cНаука _d1967 |
||
| 215 |
_a368 с. _cчерт. _d21 |
||
| 300 | _aПеред загл. авт.: А.И. Ахиезер, В.Г. Барьяхтар, С.В. Пелетминский | ||
| 320 | _aБиблиогр.: с. 364-368 | ||
| 606 |
_aФерромагнитный резонанс _2psbo |
||
| 606 |
_aАнтиферромагнитный резонанс _2psbo |
||
| 700 | 1 |
_aАхиезер _bА.И. _f1911- _gАлександр Ильич |
|
| 701 | 1 |
_aПелетминский _bС.В. _gСергей Владимирович |
|
| 701 | 1 |
_aБарьяхтар _bВ.Г. _gВиктор Григорьевич |
|
| 801 | 0 |
_aRU _bNLR _gpsbo |
|
| 801 | 1 |
_aRU _bELAR _2rusmarc |
|
| 852 |
_aNLR _j67-3/6279 |
||
| 942 | _cBOOK | ||
| 980 | _aNB | ||